Statistical and machine-learning data mining : techniques for better predictive modeling and analysis of big data (Record no. 11009)

000 -LEADER
fixed length control field 00492 a2200169 4500
020 ## - INTERNATIONAL STANDARD BOOK NUMBER
International Standard Book Number 9781439860915
082 ## - DEWEY DECIMAL CLASSIFICATION NUMBER
Classification number 658.872
090 ## - LOCALLY ASSIGNED LC-TYPE CALL NUMBER (OCLC); LOCAL CALL NUMBER (RLIN)
-- 7206
-- 7206
100 ## - MAIN ENTRY--PERSONAL NAME
Personal name Ratner, Bruce
245 ## - TITLE STATEMENT
Title Statistical and machine-learning data mining : techniques for better predictive modeling and analysis of big data
Statement of responsibility, etc. Bruce Ratner
250 ## - EDITION STATEMENT
Edition statement 2nd ed.
260 ## - PUBLICATION, DISTRIBUTION, ETC.
Place of publication, distribution, etc. New York
Name of publisher, distributor, etc. CRC Press
Date of publication, distribution, etc. 2012
300 ## - PHYSICAL DESCRIPTION
Extent 516 p.
650 ## - SUBJECT ADDED ENTRY--TOPICAL TERM
Topical term or geographic name entry element Machine--Learning
700 ## - ADDED ENTRY--PERSONAL NAME
Personal name Bruce Ratner
942 ## - ADDED ENTRY ELEMENTS (KOHA)
Koha item type Book
Call number prefix 658.872 RAT
Holdings
Withdrawn status Lost status Damaged status Not for loan Collection code Permanent Location Current Location Shelving location Date acquired Source of acquisition Cost, normal purchase price Total Checkouts Total Renewals Full call number Barcode Date last seen Date last checked out Price effective from Koha item type
          Central Library (CL) Central Library (CL) General Stacks 07/13/2012 A&J DEF TEK Consultants 5230.00 1 1 658.872 RAT SEECS011450 02/12/2016 01/20/2014 01/05/2017 Book
© 2023 Central Library, National University of Sciences and Technology. All Rights Reserved.